Alle Länder Südamerikas in 1 Minute (mit Karte) - Statistiken

Allgemein
  • Dieses Quiz wurde 57 mal gespielt
  • Das Durchschnittsergebnis liegt bei 11 aus 12
Antworten auf der Karte
Die Antworten werden auf der Karte rot bzw. grün angezeigt, abhängig davon wie oft sie richtig erraten wurden.
 
Antwortstatistiken
Antwort % Korrekt
Argentinien
100%
Brasilien
100%
Chile
100%
Peru
100%
Kolumbien
98%
Bolivien
96%
Paraguay
94%
Uruguay
94%
Guyana
91%
Venezuela
91%
Ecuador
89%
Suriname
83%
Keine übereinstimmenden Quizze gefunden
Verteilung der Resultate
Anzahl Personen mit jedem Resultat
Perzentil nach korrekt beantworteten Fragen
Ihre Resultats-Entwicklung
Sie haben dieses Quiz noch nicht gespielt